Movies Quiz

Random Movies or Country Quiz

Country by Movie Quiz Stats

 Plays Quiz Updated Nov 4, 2018

Challenge
Share
Tweet
Embed
Score 0/30 Timer 06:00
0 Plays Today
Movie Country % Correct
Angels & DemonsItaly
85.2%
Kangaroo JackAustralia
84.1%
The Hunchback of Notre DameFrance
81.4%
MulanChina
75.3%
Schindler's ListPoland
68.5%
The Sound of MusicAustria
68.5%
BoratUnited States
64.8%
EvitaArgentina
60.4%
PlatoonVietnam
59.5%
Mamma Mia!Greece
58.6%
28 Days LaterUnited Kingdom
55.2%
District 9South Africa
53.8%
Lost in TranslationJapan
53.6%
In BrugesBelgium
52.1%
The Ten CommandmentsEgypt
51.2%
Movie Country % Correct
Black Hawk DownSomalia
45%
Indiana Jones and the Temple of DoomIndia
40.2%
Three KingsIraq
40%
City of GodBrazil
35.9%
From Dusk Till DawnMexico
35.7%
The Last King of ScotlandUganda
33.3%
The Killing FieldsCambodia
28.7%
Blood DiamondSierra Leone
28.4%
Out of AfricaKenya
24.8%
Jurassic ParkCosta Rica
23.4%
HostelSlovakia
17.2%
Romancing the StoneColombia
12.7%
Dr. NoJamaica
11.8%
Behind Enemy LinesBosnia and Herzegovina
10.4%
The Year of Living DangerouslyIndonesia
5%

You're not logged in!

Compare scores with friends on all Sporcle quizzes.
OR
Log In

You Might Also Like...

Show Comments

Extras

Top Quizzes Today


Score Distribution

Your Account Isn't Verified!

In order to create a playlist on Sporcle, you need to verify the email address you used during registration. Go to your Sporcle Settings to finish the process.

Report this User

Report this user for behavior that violates our Community Guidelines.

Details: